| 000 | 01273cam a2200349 i 4500 | ||
|---|---|---|---|
| 001 | 20483095 | ||
| 003 | OSt | ||
| 005 | 20221031165724.0 | ||
| 006 | m |o d | | ||
| 007 | cr_||||||||||| | ||
| 008 | 180504s2018 ilu o 001 0 eng | ||
| 010 | _a 2018022038 | ||
| 020 | _a0830852178 | ||
| 040 |
_aDLC _beng _erda _cDLC _dDLC |
||
| 042 | _apcc | ||
| 050 | 0 | 0 |
_aBS2330.3 _b.D47 2018 |
| 100 | 1 |
_aDeSilva, David Arthur, _eauthor. |
|
| 245 | 1 | 3 |
_aAn introduction to the New Testament : _bcontexts, methods & ministry formation / _cDavid A. deSilva. |
| 250 | _a2nd ed. | ||
| 264 | 1 |
_aDowners Grove : _bInterVarsity Press, _c2018 |
|
| 300 | _axxvi, 866p. | ||
| 336 |
_atext _btxt _2rdacontent |
||
| 337 |
_acomputer _bc _2rdamedia |
||
| 338 |
_aonline resource _bcr _2rdacarrier |
||
| 500 | _aIncludes index. | ||
| 588 | _aDescription based on print version record and CIP data provided by publisher. | ||
| 630 | 0 | 0 |
_aBible. _pNew Testament _vIntroductions. |
| 776 | 0 | 8 |
_iPrint version: _aDeSilva, David Arthur, author. _tIntroduction to the New Testament _bSecond Edition. _dDowners Grove : InterVarsity Press, 2018 _z9780830852178 _w(DLC) 2018017723 |
| 906 |
_a7 _bcbc _corigcop _d1 _eecip _f20 _gy-gencatlg |
||
| 942 |
_2lcc _cBK |
||
| 999 |
_c19750 _d19749 |
||